000 01105nac a22002897a 4500
001 BR4300048
003 BR-BrBNA
005 20240105112829.0
008 230509b bl.|||m| |||| 00| 0 por d
040 _aBR-BrBNA
_bpor
_cBiblioteca Nacional de Agricultura
072 _aE15
090 _aE15 BR4300048
110 1 _aSecretaria de Estado dos Negocios da Agricultura, Industria e Comercio do Estado de Sao Paulo, Sao Paulo (Brasil). Depto. de Assistencia ao Cooperativismo
_98946
245 1 _aRestruturacao economica da zona Bragantina [Sao Paulo; Brasil]
260 3 _aSao Paulo, SP (Brasil):
_cSep 1943.
300 _a35 p.
490 _aPublicacao - Secretaria de Estado dos Negocios da Agricultura, Industria e Comercio do Estado de Sao Paulo. Depto. de Assistencia ao Cooperativismo (Brazil)
_vno. 118
_x
650 _aMicroeconomia
650 _aPropriedade rural
650 _aCredito rural
650 _aCredito agricola
650 _aCooperativa
650 _aZona Bragantina
650 _aSao Paulo
909 _a202312
_bLúcia Elande
_c55
_dLúcia Elande
942 _2AGRIS
_n0
_cMS
999 _c260500
_d260500